000 00710cam a22002172 4500
001 0000020811
005 20151217145927.0
008 111018s xx 000 0 eng d
020 _a0721603491 :
040 _aKABU
_cKABU
100 1 _aHill, Signe S.
_@0000180776
245 1 0 _aSuccess in practical vocational nursing :
_bfrom student to leader /
_cSigne S. Hill, Helen Stephens Howlett.
250 _a5th ed.
260 _aSt. Louis, Missouri :
_bElsevier,
_c2005.
300 _axx, 488 p.
650 0 _aNursing
_xStudy and teaching.
_@0000180377
700 1 _aHowlett, Helen Stephens.
_@0000180779
852 1 _9p500 KES
908 _a111018
950 _@1
999 _c4182
_d4182